Province dell'Italia Meridionale - Statistics

Statistiche generali
  • Questo quiz è stato fatto 71 volte
  • Il punteggio medio è 21 su 24
Risposte nella Mappa
Le risposte nella mappa del quiz sottostante sono codificate secondo una scala di colori dal rosso al verde in base alla % di persone che hanno risposto correttamente.
 
Statistiche sulle risposte
Risposta % Corretto
Bari
100%
Lecce
100%
Foggia
98%
Napoli
96%
Reggio Calabria
94%
Avellino
92%
Benevento
92%
Matera
92%
Salerno
92%
Taranto
92%
Barletta-Andria-Trani
90%
Brindisi
90%
Campobasso
90%
Caserta
90%
Catanzaro
90%
Cosenza
88%
Crotone
88%
Potenza
88%
L'Aquila
84%
Pescara
84%
Vibo Valentia
84%
Isernia
82%
Chieti
76%
Teramo
73%
Nessun quiz corrispondente trovato
Distribuzione punteggi
Percentuale di utenti per punteggio
Percentile per numero di risposta
I tuoi punteggi nel tempo
Non hai fatto questo quiz